Моделирование в технико-экономических системах : (Record no. 345909)
[ view plain ]
| 000 -LEADER | |
|---|---|
| fixed length control field | 00877nam a2200217 a 4500 |
| 001 - CONTROL NUMBER | |
| control field | 001065039 |
| 003 - CONTROL NUMBER IDENTIFIER | |
| control field | AM-YeHGA |
| 005 - DATE AND TIME OF LATEST TRANSACTION | |
| control field | 20250617151142.0 |
| 008 - FIXED-LENGTH DATA ELEMENTS--GENERAL INFORMATION | |
| fixed length control field | 150311s1975 ||| r 000 0 rus d |
| 040 ## - CATALOGING SOURCE | |
| Original cataloging agency | AM-YeHGA |
| 041 0# - LANGUAGE CODE | |
| Language code of text/sound track or separate title | rus |
| 090 ## - LOCALLY ASSIGNED LC-TYPE CALL NUMBER (OCLC); LOCAL CALL NUMBER (RLIN) | |
| -- | 347710 |
| 100 1# - MAIN ENTRY--PERSONAL NAME | |
| Personal name | Голенко, Дмитрий Исаакович |
| 245 10 - TITLE STATEMENT | |
| Title | Моделирование в технико-экономических системах : |
| Remainder of title | Управление запасами / |
| Statement of responsibility, etc. | Д.И. Голенко, А.И. Дакелин, С.Е. Лившиц. |
| 260 ## - PUBLICATION, DISTRIBUTION, ETC. | |
| Place of publication, distribution, etc. | Ленинград : |
| Name of publisher, distributor, etc. | Изд-во Ленингр. ун-та, |
| Date of publication, distribution, etc. | 1975. |
| 300 ## - PHYSICAL DESCRIPTION | |
| Extent | 197 с. |
| 504 ## - BIBLIOGRAPHY, ETC. NOTE | |
| Bibliography, etc. note | Библиогр.: с. 193-195 |
| 653 0# - INDEX TERM--UNCONTROLLED | |
| Uncontrolled term | Экономическая кибернетика |
| 700 1# - ADDED ENTRY--PERSONAL NAME | |
| Personal name | Дакелин, Анатолий Иванович |
| 700 1# - ADDED ENTRY--PERSONAL NAME | |
| Personal name | Лившиц, Семен Ефимович |
| Withdrawn status | Lost status | Source of classification or shelving scheme | Damaged status | Not for loan | Collection | Home library | Current library | Date acquired | Total checkouts | Full call number | Barcode | Date last seen | Price effective from | Koha item type | Public note |
|---|---|---|---|---|---|---|---|---|---|---|---|---|---|---|---|
| Universal Decimal Classification | General | Fundamental Scientific Library | Fundamental Scientific Library | 09/01/2017 | PII/363000 | FL0325650 | 09/01/2017 | 09/01/2017 | Գրքեր / Books | 30 Days Loan | |||||
| Universal Decimal Classification | General | Fundamental Scientific Library | Fundamental Scientific Library | 09/01/2017 | PII/364329 | FL0328957 | 09/01/2017 | 09/01/2017 | Գրքեր / Books | 30 Days Loan |
ՀՀ Գիտությունների ազգային ակադեմիայի հիմնարար գիտական գրադարան = Fundamental Scientific Library of NAS RA
All site content, except where otherwise noted, is licensed under a